• 首页
  • 本馆介绍
  • 公告通知
  • 最新文献
  • 馆藏检索
  • 电子资源
  • 读者导购
  • 参考咨询
  • 我的图书馆
  • 登录
  • 详细信息显示
  • 放入我的书架
  • 预约/预借图书
  • 作者相关作品
  • 分类相关作品
  • 丛书相关作品
  • 出版社相关作品

书目信息

  • 表格格式
  • 工作单格式
  • 卡片格式
题名:
中国武术理论与舞蹈实践
    
 
作者: 李北达 著
分册:  
出版信息: 上海   上海音乐出版社  2004
页数: 124页
开本: 23cm
丛书名:
单 册:
中图分类: G852 , J722
科图分类:
主题词: 武术--中国--高等学校--教材 , 舞蹈--中国--高等学校--教材 , 武术 , 舞蹈
电子资源:
ISBN: 7-80667-606-6
000 01002nam0 2200301 450
001 002804217
005 20140611154741.21
010    @a7-80667-606-6@dCNY20.00
100    @a20050104d2004 em y0chiy0110 ea
101 0  @achi@eeng
102    @aCN@b310000
105    @aa z 000yy
106    @ar
200 1  @a中国武术理论与舞蹈实践@9zhong guo wu shu li lun yu wu dao shi jian@f李北达著
210    @a上海@c上海音乐出版社@d2004
215    @a124页@c图@d23cm
300    @a北京舞蹈学院“十五”规划教材 舞蹈学科应用与基础理论教材系列 东方舞蹈学科系列
330    @a本书从武术的理论入手,通过对武术、舞蹈各层面的分析比较,希望探寻双方相互补充和吸收的轨迹。
510 1  @aTheory of the Chinese Martial Arts and Dance Practice@zeng
606 0  @a武术@y中国@x高等学校@j教材
606 0  @a舞蹈@y中国@x高等学校@j教材
606 0  @a武术
606 0  @a舞蹈
690    @aG852@v4
690    @aJ722@v4
701  0 @a李北达@9li bei da@4著
801  0 @aCN@bNLC@c20050510
905    @b549334-36@dG852@e272@f3
    
    中国武术理论与舞蹈实践/李北达著.-上海:上海音乐出版社,2004
    124页:图;23cm
    北京舞蹈学院“十五”规划教材 舞蹈学科应用与基础理论教材系列 东方舞蹈学科系列
    
    ISBN 7-80667-606-6:CNY20.00
    本书从武术的理论入手,通过对武术、舞蹈各层面的分析比较,希望探寻双方相互补充和吸收的轨迹。
●
相关链接 在E读中查询图书 在五车中查询图书 在当当中查询图书 在豆瓣中查询图书


正题名:中国武术理论与舞蹈实践     索取号:G852/272         预约/预借

序号 登录号 条形码 馆藏地/架位号 状态 备注
1 549334   205493349   第一样本阅览室/ [索取号:G852/272] 在馆    
2 549335   205493358   第四借阅区/ [索取号:G852/272] 在馆    
3 549336   205493367   密集书库-音乐系/ [索取号:G852/272] 在馆    
唐山师范学院图书馆 欢迎您!
大连网信软件有限公司© 版权所有